01261nam a2200169 a 450000100100000000500170001000800410002702000150006804000250008308200140010824500720012226000420019430000280023650000380026450507600030270000290106200002407220200930022708.0110118s2005 ec a r 000 | spa d a9978872612 aDO-SdBNPbspacBNPHU axxxbM63610aMigrantes :bproblemas y ayudas /cedición de Javier Ponce Leiva. aQuito, Ecuador :bEl Conejó,c2005. a279 p. :bil. ;c21 cm. aIncluye notas al pie de páginas0 tEstudio introductorio /rJavier Ponce LeivatLos mecanismos internacionales de protección de los derechos inmigrantes /rBolívar TorrestEl plan nacional de apoyo a los emigrantes y sus familias /rPatricia BorjatLa inmigración ecuatoriana en España: nuevas vidas nuevos problemas /rPilar PoncetEl plan Bush para las migraciones /rVerónica AguilartReseña histórica de la migración ecuatoriana a Alemania /rXavier BustamantetLa migración ecuatoriana en los países de tránsito de Centroamérica /rJulia AlarcóntLa acción de la ong y asociaciones de emigrantes en ecuador /rMiriam EsparzatEl impacto del fenómeno de los desplazados, solicitantes de refugio y refugiados colombianos en el ecuador /rSantiago Martínez1 aPonce Leiva, Javierbed.